All India service laws digest. 1935-1974. V II (Record no. 24178)

MARC details
000 -LEADER
fixed length control field 00321nam a2200121Ia 4500
082 ## - DEWEY DECIMAL CLASSIFICATION NUMBER
Classification number 34(540)
Item number KHA.2
245 #0 - TITLE STATEMENT
Title All India service laws digest. 1935-1974. V II
260 ## - PUBLICATION, DISTRIBUTION, ETC. (IMPRINT)
Place of publication Allahabad
Name of publisher Law Pub
Year of publication 1974
700 ## - ADDED ENTRY--PERSONAL NAME
Personal name Kharbanda, V K
700 ## - ADDED ENTRY--PERSONAL NAME
Personal name Sinha, B N
942 ## - ADDED ENTRY ELEMENTS (KOHA)
Koha item type Books
Holdings
Withdrawn status Lost status Damaged status Not for loan Home library Current library Date acquired Cost, normal purchase price Full call number Accession Number Koha item type
        RRII Library RRII Library 16/12/2021 50.00 34(540) KHA.2 04862 Books